2018 Australian Open: Countries with Seeded Players - Statistics

General Stats
  • This quiz has been taken 49 times
  • The average score is 23 of 30
Answer Stats
mens womens total country % Correct
3 4 7 United States
100%
1 2 3 Australia
98%
4 1 5 Spain
98%
1 1 China
95%
2 2 Switzerland
95%
1 1 United Kingdom
95%
1 1 Canada
93%
4 2 6 France
93%
1 4 5 Russia
93%
3 2 5 Germany
91%
2 2 Argentina
89%
1 1 Belgium
86%
1 1 Serbia
84%
1 1 Italy
82%
1 1 Poland
82%
1 1 Netherlands
80%
1 1 Bulgaria
77%
1 4 5 Czechia
77%
1 1 Denmark
77%
1 1 Austria
75%
1 1 2 Croatia
75%
1 1 Ukraine
75%
1 1 Romania
73%
1 1 South Africa
68%
2 2 Latvia
66%
2 2 Slovakia
66%
1 1 Estonia
55%
1 1 Bosnia-Herzegovina
48%
1 1 Luxembourg
41%
1 1 Uruguay
20%
No matching quizzes found
Score Distribution
Percent of People with Each Score
Percentile by Number Answered
Your Score History
You have not taken this quiz